Les années 2010 en chanson - Version francophone - Statistiques

Statistiques générales
  • Ce quiz a été pris 1 307 fois
  • Le résultat moyen est 32 sur 50
Statistiques - réponses
Artistes Chansons Année % Correct
Angèle Balance ton quoi 2019
98%
Christophe Maé Je me lâche 2010
95%
Maître Gims Bella 2013
94%
Stromae Formidable 2013
94%
Kids United On écrit sur les murs 2016
93%
Aya Nakamura Pookie 2019
92%
Black M Mme Pavoshko 2014
92%
Indila Dernière danse 2014
90%
Tal Le sens de la vie 2012
90%
Mika Elle me dit 2011
89%
Julien Doré Coco câline 2017
84%
Vianney Je m'en vais 2017
83%
Louane Avenir 2015
82%
Soprano Je roule 2017
81%
Zaz On ira 2013
80%
Fréro Delavega Le chant des sirènes 2015
79%
Orelsan La terre est ronde 2012
78%
Calogero Un jour au mauvais endroit 2014
77%
Colonel Reyel Celui 2011
77%
Hoshi Ta marinière 2018
77%
Shy'm Et alors 2012
77%
Amir J'ai cherché 2016
75%
Lartiste Chocolat 2017
75%
Claudio Capéo Un homme debout 2016
74%
Kyo Le graal 2014
72%
Dadju Reine 2018
71%
Les Enfoirés Attention au départ 2013
71%
Sexion d'Assaut Désolé 2010
71%
M Pokora Les planètes 2019
68%
Keen'v J'aimerais trop 2011
67%
Slimane Viens on s'aime 2018
64%
Eddy de Pretto Fête de trop 2018
63%
Renaud Toujours debout 2016
63%
BB Brunes Coups et blessures 2012
59%
Nekfeu On verra 2015
59%
Ridsa Là c'est die 2015
58%
Bigflo & Oli Dommage 2017
51%
Michaël Miro L'horloge tourne 2011
49%
Camélia Jordana Non Non Non (Ecouter Barbara) 2010
48%
Joyce Jonathan Je ne sais pas 2010
43%
Khaled C'est la vie 2012
43%
Christine & The Queens Saint-Claude 2014
33%
Mylène Farmer Oui mais non ... 2010
30%
Kendji Girac Maria maria 2018
29%
Les Frangines Donnez-moi 2019
20%
Ben l'Oncle Soul Petite soeur 2011
17%
Indochine College boy 2013
16%
Brigitte A bouche que veux-tu 2015
12%
De Palmas Le jour nos fiançailles 2016
11%
Antoine Elie La rose et l'armure 2019
6%
Aucun quiz correspondant
Distribution des résultats
% des personnes avec chaque résultat
Percentile par nombre de réponses
Votre historique - résultats
Vous n’avez pas pris ce quiz